[Event "Winnipeg TNT October op"]
[Site "Winnipeg CAN"]
[Date "2012.10.09"]
[Round "2"]
[White "Dykman, Tony"]
[Black "Baron, Cody"]
[Result "0-1"]
[WhiteElo "1213"]
[BlackElo "1746"]
[PlyCount "58"]
[GameId "2160767909445030"]
[EventDate "2012.10.02"]
[EventType "swiss"]
[EventRounds "5"]
[EventCountry "CAN"]
[SourceTitle "EXT 2022"]
[Source "ChessBase"]
[SourceDate "2021.10.06"]
[SourceVersion "1"]
[SourceVersionDate "2021.10.06"]
[SourceQuality "1"]

1. d4 Nf6 2. Nf3 e6 3. c4 b6 4. e3 Bb7 5. Nc3 Be7 6. g3 O-O 7. Bg2 d5 8. Ne5 Nbd7 9. O-O c5 10. Nxd7 Qxd7 11. b3 Rfd8 12. Ne2 Rac8 13. Bb2 dxc4 14. Bxb7 Qxb7 15. f3 Nd5 16. Qc1 cxb3 17. Qd2 bxa2 18. Rxa2 Nb4 19. Raa1 cxd4 20. Nxd4 Rc2 21. Qc3 Rxc3 22. Bxc3 Nd5 23. Bd2 Bf6 24. Rac1 Bxd4 25. exd4 h6 26. Rf2 Ne7 27. Bc3 Nf5 28. Rd2 Qxf3 29. Rg2 Qe3+ 0-1

[Event "Winnipeg TNT October op"]
[Site "Winnipeg CAN"]
[Date "2012.10.09"]
[Round "2"]
[White "Einarsson, Ken"]
[Black "Platt, Alex"]
[Result "1/2-1/2"]
[WhiteElo "1717"]
[BlackElo "2204"]
[PlyCount "98"]
[GameId "2160767909445031"]
[EventDate "2012.10.02"]
[EventType "swiss"]
[EventRounds "5"]
[EventCountry "CAN"]
[SourceTitle "EXT 2022"]
[Source "ChessBase"]
[SourceDate "2021.10.06"]
[SourceVersion "1"]
[SourceVersionDate "2021.10.06"]
[SourceQuality "1"]

1. d4 d6 2. c4 e5 3. d5 Nf6 4. Nc3 g6 5. e4 Bg7 6. Nf3 O-O 7. Be2 h6 8. O-O Nbd7 9. Nd2 a5 10. f4 exf4 11. Rxf4 Re8 12. Bd3 Nc5 13. Bc2 g5 14. Rf1 Bg4 15. Qe1 Bh5 16. Qg3 Bg6 17. Re1 Qd7 18. Nb3 Ncxe4 19. Nxe4 Bxe4 20. Bxe4 Nxe4 21. Qf3 a4 22. Nd2 Bd4+ 23. Kf1 Nxd2+ 24. Bxd2 Rxe1+ 25. Rxe1 Bxb2 26. Qh5 Qf5+ 27. Kg1 Bd4+ 28. Kh1 Qf2 29. Qd1 Be5 30. g3 a3 31. Rf1 Qd4 32. Qe2 Ra4 33. Qh5 Qe4+ 34. Rf3 Qg6 35. Qg4 f5 36. Rxf5 Rxc4 37. Qf3 Rc2 38. Qd3 Rxd2 39. Rf8+ Kxf8 40. Qxg6 Rd1+ 41. Kg2 Rd2+ 42. Kh3 Rxa2 43. Qxh6+ Bg7 44. Qxg5 Rxh2+ 45. Kxh2 a2 46. Qd8+ Kf7 47. Qxc7+ Kg8 48. Qd8+ Kh7 49. Qh4+ Kg8 1/2-1/2

[Event "Winnipeg TNT October op"]
[Site "Winnipeg CAN"]
[Date "2012.10.09"]
[Round "2"]
[White "Kaptsan, Aron"]
[Black "Pang, Michael"]
[Result "0-1"]
[WhiteElo "2087"]
[BlackElo "1904"]
[PlyCount "72"]
[GameId "2160767909445033"]
[EventDate "2012.10.02"]
[EventType "swiss"]
[EventRounds "5"]
[EventCountry "CAN"]
[SourceTitle "EXT 2022"]
[Source "ChessBase"]
[SourceDate "2021.10.06"]
[SourceVersion "1"]
[SourceVersionDate "2021.10.06"]
[SourceQuality "1"]

1. d4 Nf6 2. c4 g6 3. g3 Bg7 4. Bg2 d5 5. cxd5 Nxd5 6. e4 Nb6 7. Ne2 Nc6 8. d5 Ne5 9. O-O O-O 10. Nbc3 f5 11. f4 Nf7 12. e5 e6 13. dxe6 Bxe6 14. Bxb7 Rb8 15. Bg2 Qe7 16. b3 Rfd8 17. Qc2 Qc5+ 18. Kh1 Nd5 19. Qb2 a5 20. Bd2 Nb4 21. Na4 Qa7 22. Bxb4 axb4 23. Qc2 Bf8 24. Rad1 c5 25. Rxd8 Rxd8 26. Rd1 Rc8 27. Nc1 c4 28. Qd2 c3 29. Qd4 Qe7 30. Bd5 Rd8 31. Qc4 Bxd5+ 32. Rxd5 Qb7 33. Nb6 Qxb6 34. Rb5 Rd1+ 35. Kg2 Qg1+ 36. Kf3 Rf1+ 0-1

[Event "Winnipeg TNT October op"]
[Site "Winnipeg CAN"]
[Date "2012.10.09"]
[Round "2"]
[White "Moncal, Nilo"]
[Black "Schulz, Waldemar"]
[Result "1-0"]
[WhiteElo "2105"]
[BlackElo "2009"]
[PlyCount "137"]
[GameId "2160767909445034"]
[EventDate "2012.10.02"]
[EventType "swiss"]
[EventRounds "5"]
[EventCountry "CAN"]
[SourceTitle "EXT 2022"]
[Source "ChessBase"]
[SourceDate "2021.10.06"]
[SourceVersion "1"]
[SourceVersionDate "2021.10.06"]
[SourceQuality "1"]

1. e4 c5 2. Nf3 a6 3. Nc3 Nc6 4. d4 cxd4 5. Nxd4 e6 6. a3 Qc7 7. Be2 Nf6 8. O-O Be7 9. Bg5 O-O 10. Bh4 Nxe4 11. Nxc6 dxc6 12. Nxe4 Bxh4 13. Bd3 Be7 14. Qh5 g6 15. Qf3 Qe5 16. c3 Rd8 17. Rfe1 Bd7 18. Ng3 Qf6 19. Qe2 Be8 20. Qc2 Rac8 21. Bc4 c5 22. Bd3 Bc6 23. Be4 Qf4 24. Bxc6 Rxc6 25. Qb3 b5 26. Rad1 Rcd6 27. Rxd6 Qxd6 28. h3 Qd2 29. Rf1 c4 30. Qa2 Qc2 31. Qb1 Rd2 32. Qxc2 Rxc2 33. Rb1 Bc5 34. Nh1 Kf8 35. Kf1 Rd2 36. Ke1 Rd3 37. Ng3 Ke7 38. Ke2 Bb6 39. a4 Rd7 40. Ra1 Ra7 41. Ne4 h6 42. f3 f5 43. Nd2 e5 44. Nb1 Kd6 45. Nd2 Ke6 46. g4 Rd7 47. axb5 axb5 48. Ra8 Rd8 49. Ra6 Rd6 50. Ra1 Rd3 51. Ra6 Rd6 52. Nb1 Kd5 53. Nd2 Ke6 54. Ra1 Rd3 55. Rb1 Re3+ 56. Kd1 e4 57. fxe4 fxe4 58. Ra1 Rd3 59. Ra8 Rd6 60. Ke2 Ke5 61. Ra6 Rf6 62. Ra8 Re6 63. Rb8 Kf4 64. Nf1 g5 65. Rf8+ Ke5 66. Rf5+ Kd6 67. Rxb5 Kc6 68. Rf5 Kd6 69. Ne3 1-0

[Event "Winnipeg TNT October op"]
[Site "Winnipeg CAN"]
[Date "2012.10.09"]
[Round "2"]
[White "Mundwiler, Les"]
[Black "Leaden, Bruce"]
[Result "1-0"]
[WhiteElo "2054"]
[BlackElo "1567"]
[PlyCount "69"]
[GameId "2160767909445035"]
[EventDate "2012.10.02"]
[EventType "swiss"]
[EventRounds "5"]
[EventCountry "CAN"]
[SourceTitle "EXT 2022"]
[Source "ChessBase"]
[SourceDate "2021.10.06"]
[SourceVersion "1"]
[SourceVersionDate "2021.10.06"]
[SourceQuality "1"]

1. e4 c5 2. b4 e5 3. Nf3 Nc6 4. Bc4 cxb4 5. d3 Bc5 6. O-O d6 7. h3 Nge7 8. Nbd2 O-O 9. Nb3 a6 10. Nxc5 dxc5 11. a3 b5 12. Ba2 Ng6 13. axb4 Nxb4 14. Bb1 Be6 15. Be3 Qe7 16. Qd2 c4 17. d4 exd4 18. Nxd4 Rfd8 19. c3 Nd3 20. Bxd3 cxd3 21. Nc6 Qd7 22. Nxd8 Qxd8 23. f4 Bc4 24. f5 Ne5 25. f6 gxf6 26. Bd4 Qd6 27. Qh6 Qf8 28. Qxf6 Ng6 29. Rxa6 Rxa6 30. Qxa6 d2 31. Rd1 Nf4 32. Rxd2 Ne2+ 33. Rxe2 Bxe2 34. Qf6 Bc4 35. Qh8# 1-0

[Event "Winnipeg TNT October op"]
[Site "Winnipeg CAN"]
[Date "2012.10.09"]
[Round "2"]
[White "Reimer, Bruce"]
[Black "Lauritson, Jim"]
[Result "0-1"]
[WhiteElo "1568"]
[BlackElo "2045"]
[PlyCount "96"]
[GameId "2160767909445036"]
[EventDate "2012.10.02"]
[EventType "swiss"]
[EventRounds "5"]
[EventCountry "CAN"]
[SourceTitle "EXT 2022"]
[Source "ChessBase"]
[SourceDate "2021.10.06"]
[SourceVersion "1"]
[SourceVersionDate "2021.10.06"]
[SourceQuality "1"]

1. c4 e5 2. Nc3 Nf6 3. g3 Bc5 4. e3 Nc6 5. Bg2 O-O 6. Nge2 Re8 7. O-O a6 8. a3 Bf8 9. b4 Ne7 10. d4 d6 11. Bb2 c6 12. a4 Bg4 13. h3 Bh5 14. g4 Bg6 15. Ng3 Nd7 16. a5 f5 17. b5 axb5 18. cxb5 Rxa5 19. bxc6 bxc6 20. dxe5 Nxe5 21. Rxa5 Qxa5 22. Qxd6 Nc4 23. Qd4 Nxb2 24. Nce2 Qa2 25. gxf5 Bf7 26. f6 gxf6 27. Qxf6 Bg7 28. Qd6 Nc4 29. Qc5 Qa5 30. Qxa5 Nxa5 31. Rc1 Rc8 32. Ne4 Nb3 33. Rb1 Nf5 34. Ng5 Bc4 35. Nc1 Nxc1 36. Rxc1 Nd6 37. Ne4 Nxe4 38. Bxe4 Bb5 39. f4 c5 40. Kf2 c4 41. Ke1 c3 42. Bc2 Kf8 43. Rb1 Bd7 44. f5 Ke7 45. e4 Be5 46. Rb6 Rg8 47. Kf2 Bd4+ 48. Ke2 Bxb6 0-1

[Event "Winnipeg TNT October op"]
[Site "Winnipeg CAN"]
[Date "2012.10.09"]
[Round "2"]
[White "Sharma, Gautam"]
[Black "Rutter, Blair"]
[Result "0-1"]
[WhiteElo "1358"]
[BlackElo "1838"]
[PlyCount "67"]
[GameId "2160767909445037"]
[EventDate "2012.10.02"]
[EventType "swiss"]
[EventRounds "5"]
[EventCountry "CAN"]
[SourceTitle "EXT 2022"]
[Source "ChessBase"]
[SourceDate "2021.10.06"]
[SourceVersion "1"]
[SourceVersionDate "2021.10.06"]
[SourceQuality "1"]

1. e4 e6 2. Nf3 d5 3. e5 c5 4. d4 Nc6 5. c3 Bd7 6. Bb5 cxd4 7. cxd4 Nge7 8. O-O Rc8 9. a3 Ng6 10. Nc3 Be7 11. Bd2 Qb6 12. Be3 O-O 13. Rb1 f5 14. Bd3 Na5 15. Bd2 Nb3 16. Be3 f4 17. Bxg6 fxe3 18. Bc2 exf2+ 19. Rxf2 Na5 20. Qd3 g6 21. h4 Nc4 22. Nd1 Rf4 23. h5 Rg4 24. Ne3 Nxe3 25. Qxe3 gxh5 26. Qh6 Rg7 27. b4 Be8 28. Rbf1 Bg6 29. Bxg6 hxg6 30. Qe3 Rf8 31. Nh4 Rxf2 32. Qxf2 Kh7 33. Nf3 Qa6 34. Qe3 0-1

[Event "Winnipeg TNT October op"]
[Site "Winnipeg CAN"]
[Date "2012.10.09"]
[Round "2"]
[White "Wasserman, Leor"]
[Black "Melamedoff, Gustavo"]
[Result "1/2-1/2"]
[WhiteElo "2006"]
[BlackElo "2097"]
[PlyCount "65"]
[GameId "2160767909445039"]
[EventDate "2012.10.02"]
[EventType "swiss"]
[EventRounds "5"]
[EventCountry "CAN"]
[SourceTitle "EXT 2022"]
[Source "ChessBase"]
[SourceDate "2021.10.06"]
[SourceVersion "1"]
[SourceVersionDate "2021.10.06"]
[SourceQuality "1"]

1. e4 c5 2. Nf3 e6 3. d4 cxd4 4. Nxd4 a6 5. Nc3 Qc7 6. Be2 Nc6 7. O-O Nf6 8. Kh1 Nxd4 9. Qxd4 Bc5 10. Qa4 Rb8 11. e5 b5 12. Qh4 Nd5 13. Qg5 Nxc3 14. Qxg7 Rf8 15. bxc3 Bb7 16. Bh6 Be4 17. Bd3 Bg6 18. Bxg6 hxg6 19. Qh7 Qxe5 20. Bxf8 Bxf8 21. Qh3 Rc8 22. f4 Qxc3 23. Qxc3 Rxc3 24. Rf2 b4 25. Rb1 a5 26. Rb3 Rc4 27. g3 a4 28. Rd3 d5 29. Rfd2 Bg7 30. Re2 Kd7 31. Kg2 Kd6 32. Kf3 Bb2 33. h4 1/2-1/2

[Event "Winnipeg TNT October op"]
[Site "Winnipeg CAN"]
[Date "2012.10.16"]
[Round "3"]
[White "Baron, Cody"]
[Black "Kaptsan, Aron"]
[Result "1-0"]
[WhiteElo "1746"]
[BlackElo "2087"]
[PlyCount "45"]
[GameId "2160767909445040"]
[EventDate "2012.10.02"]
[EventType "swiss"]
[EventRounds "5"]
[EventCountry "CAN"]
[SourceTitle "EXT 2022"]
[Source "ChessBase"]
[SourceDate "2021.10.06"]
[SourceVersion "1"]
[SourceVersionDate "2021.10.06"]
[SourceQuality "1"]

1. e4 e5 2. Nf3 Nc6 3. Bc4 Nf6 4. Nc3 Be7 5. O-O O-O 6. d3 d6 7. h3 Na5 8. Bb3 Nxb3 9. axb3 Nd7 10. Nd5 Nc5 11. c3 Ne6 12. d4 exd4 13. cxd4 c6 14. Nc3 f5 15. Re1 fxe4 16. Nxe4 d5 17. Ng3 Bd6 18. Ne5 Qb6 19. Be3 Bxe5 20. dxe5 d4 21. Bd2 Nc5 22. b4 Nd3 23. Qb3+ 1-0

[Event "Winnipeg TNT October op"]
[Site "Winnipeg CAN"]
[Date "2012.10.16"]
[Round "3"]
[White "Boron, Anthony"]
[Black "Einarsson, Ken"]
[Result "1-0"]
[WhiteElo "2037"]
[BlackElo "1717"]
[PlyCount "49"]
[GameId "2160767909445041"]
[EventDate "2012.10.02"]
[EventType "swiss"]
[EventRounds "5"]
[EventCountry "CAN"]
[SourceTitle "EXT 2022"]
[Source "ChessBase"]
[SourceDate "2021.10.06"]
[SourceVersion "1"]
[SourceVersionDate "2021.10.06"]
[SourceQuality "1"]

1. d4 d5 2. c4 e6 3. Nc3 Nf6 4. cxd5 exd5 5. Bg5 Be7 6. e3 O-O 7. Bd3 h6 8. Bh4 Re8 9. Qc2 Nc6 10. a3 a6 11. Nge2 Ng4 12. Bg3 Bh4 13. O-O Bxg3 14. hxg3 Be6 15. Nf4 g5 16. Nxe6 Rxe6 17. Bf5 Nxe3 18. fxe3 Rxe3 19. Qf2 Re7 20. Rad1 Qd6 21. Qf3 Rd8 22. Bc2 Na5 23. Qf5 Qg6 24. Nxd5 Qxf5 25. Nxe7+ 1-0

[Event "Winnipeg TNT October op"]
[Site "Winnipeg CAN"]
[Date "2012.10.16"]
[Round "3"]
[White "Kernetsky, Myron"]
[Black "Babb, Jeff"]
[Result "0-1"]
[WhiteElo "2068"]
[BlackElo "2209"]
[PlyCount "100"]
[GameId "2160767909445044"]
[EventDate "2012.10.02"]
[EventType "swiss"]
[EventRounds "5"]
[EventCountry "CAN"]
[SourceTitle "EXT 2022"]
[Source "ChessBase"]
[SourceDate "2021.10.06"]
[SourceVersion "1"]
[SourceVersionDate "2021.10.06"]
[SourceQuality "1"]

1. d4 Nf6 2. c4 c5 3. d5 b5 4. cxb5 a6 5. bxa6 g6 6. Nc3 Bxa6 7. Nf3 Bg7 8. e4 Bxf1 9. Kxf1 d6 10. g3 O-O 11. Kg2 Nbd7 12. h3 Qb6 13. Re1 Rfb8 14. a4 Ne8 15. Re2 Nc7 16. Ra3 Qa6 17. Bg5 Kf8 18. Qd2 Rb4 19. Bh6 Rab8 20. Bxg7+ Kxg7 21. Qg5 f6 22. Qc1 Nb6 23. Qa1 Nc4 24. Ra2 Na5 25. Qd1 Nb3 26. Rc2 Na8 27. h4 Nb6 28. h5 Nd4 29. Nxd4 cxd4 30. Nb1 d3 31. Rc7 Rxe4 32. hxg6 Nxd5 33. Qh5 Ne3+ 34. fxe3 hxg6 35. Qf3 Re5 36. Nd2 Qb6 37. Rc6 Qxe3 38. b3 Qe2+ 39. Qf2 Qxf2+ 40. Kxf2 Re2+ 41. Kf3 Rxb3 42. a5 Rb5 43. Rc4 Rbe5 44. Kg4 Rg5+ 45. Kf3 Rge5 46. Kg4 d5 47. Rf4 f5+ 48. Kg5 Rh2 49. Rh4 Rg2 50. Rh3 Ree2 0-1

[Event "Winnipeg TNT October op"]
[Site "Winnipeg CAN"]
[Date "2012.10.16"]
[Round "3"]
[White "Lauritson, Jim"]
[Black "Wasserman, Leor"]
[Result "1-0"]
[WhiteElo "2045"]
[BlackElo "2006"]
[PlyCount "73"]
[GameId "2160767909445045"]
[EventDate "2012.10.02"]
[EventType "swiss"]
[EventRounds "5"]
[EventCountry "CAN"]
[SourceTitle "EXT 2022"]
[Source "ChessBase"]
[SourceDate "2021.10.06"]
[SourceVersion "1"]
[SourceVersionDate "2021.10.06"]
[SourceQuality "1"]

1. d4 Nf6 2. c4 e5 3. dxe5 Ne4 4. Nf3 Nc6 5. Nbd2 Bb4 6. a3 Nxd2 7. Bxd2 Bxd2+ 8. Qxd2 O-O 9. g3 Re8 10. Bg2 Nxe5 11. Nxe5 Rxe5 12. O-O Qe7 13. e3 d6 14. Qd4 Rh5 15. Rfd1 Qg5 16. Rac1 Rh6 17. Qd5 Qf6 18. b4 c6 19. Qd4 Qg5 20. h4 Qh5 21. Qf4 Qg6 22. b5 Bd7 23. a4 Re8 24. Rd4 c5 25. Rd5 Qf6 26. Qxf6 Rxf6 27. Rcd1 Bg4 28. R1d2 Rd8 29. Rxc5 Rb8 30. Rcd5 h6 31. Rxd6 Rxd6 32. Rxd6 b6 33. Rc6 Rd8 34. Bd5 Rd7 35. f3 Bf5 36. e4 Bh7 37. Rc8+ 1-0

[Event "Winnipeg TNT October op"]
[Site "Winnipeg CAN"]
[Date "2012.10.16"]
[Round "3"]
[White "Leaden, Bruce"]
[Black "Cleto, Sam"]
[Result "0-1"]
[WhiteElo "1567"]
[BlackElo "1834"]
[PlyCount "48"]
[GameId "2160767909445046"]
[EventDate "2012.10.02"]
[EventType "swiss"]
[EventRounds "5"]
[EventCountry "CAN"]
[SourceTitle "EXT 2022"]
[Source "ChessBase"]
[SourceDate "2021.10.06"]
[SourceVersion "1"]
[SourceVersionDate "2021.10.06"]
[SourceQuality "1"]

1. e4 c5 2. Nc3 e6 3. f4 a6 4. Nf3 d6 5. g3 Nc6 6. Bg2 Qb6 7. d3 Nf6 8. Na4 Qa7 9. c4 Nd4 10. Nc3 Be7 11. b3 O-O 12. Nxd4 cxd4 13. Ne2 b5 14. e5 dxe5 15. fxe5 Nd7 16. Bxa8 Qxa8 17. Rf1 Qg2 18. h4 Nxe5 19. Kd2 bxc4 20. bxc4 Bd7 21. a4 Rb8 22. Ba3 Bd8 23. Kc1 Bxa4 24. Qe1 Nxd3+ 0-1

[Event "Winnipeg TNT October op"]
[Site "Winnipeg CAN"]
[Date "2012.10.16"]
[Round "3"]
[White "Mundwiler, Les"]
[Black "Moncal, Nilo"]
[Result "1/2-1/2"]
[WhiteElo "2054"]
[BlackElo "2105"]
[PlyCount "73"]
[GameId "2160767909445047"]
[EventDate "2012.10.02"]
[EventType "swiss"]
[EventRounds "5"]
[EventCountry "CAN"]
[SourceTitle "EXT 2022"]
[Source "ChessBase"]
[SourceDate "2021.10.06"]
[SourceVersion "1"]
[SourceVersionDate "2021.10.06"]
[SourceQuality "1"]

1. d4 c5 2. d5 d6 3. Nc3 Nf6 4. e4 g6 5. Bb5+ Bd7 6. Bxd7+ Nbxd7 7. Nf3 Bg7 8. O-O O-O 9. Bf4 a6 10. a4 Rb8 11. Qe2 Re8 12. h3 Qb6 13. a5 Qc7 14. g4 Ne5 15. Bxe5 dxe5 16. Nd2 h5 17. Nc4 hxg4 18. hxg4 Rf8 19. Kg2 Nd7 20. Rh1 b5 21. axb6 Nxb6 22. Na5 Nc8 23. b3 Nd6 24. Nc6 Rb7 25. Qf3 Rb6 26. Qh3 Ra8 27. Rh2 Rxc6 28. dxc6 e6 29. Rah1 Qxc6 30. g5 Kf8 31. Qe3 Rc8 32. Rh7 Ne8 33. Qh3 Ke7 34. Qf3 Kf8 35. R1h6 Kg8 36. Qh3 Kf8 37. Qf3 1/2-1/2

[Event "Winnipeg TNT October op"]
[Site "Winnipeg CAN"]
[Date "2012.10.16"]
[Round "3"]
[White "Platt, Alex"]
[Black "Reimer, Bruce"]
[Result "1-0"]
[WhiteElo "2204"]
[BlackElo "1568"]
[PlyCount "49"]
[GameId "2160767909445048"]
[EventDate "2012.10.02"]
[EventType "swiss"]
[EventRounds "5"]
[EventCountry "CAN"]
[SourceTitle "EXT 2022"]
[Source "ChessBase"]
[SourceDate "2021.10.06"]
[SourceVersion "1"]
[SourceVersionDate "2021.10.06"]
[SourceQuality "1"]

1. e4 Nf6 2. e5 Nd5 3. c4 Nb6 4. d4 d6 5. f4 dxe5 6. fxe5 Bf5 7. Nc3 e6 8. Nf3 h6 9. Bd3 Bxd3 10. Qxd3 Be7 11. O-O O-O 12. Be3 f6 13. Bxh6 f5 14. Bf4 g5 15. Be3 c6 16. Rad1 Na6 17. Qe2 Kg7 18. d5 cxd5 19. cxd5 Nxd5 20. Nxd5 exd5 21. Nd4 Qd7 22. e6 Qe8 23. Nxf5+ Rxf5 24. Rxf5 Qg6 25. Rf7+ 1-0

[Event "Winnipeg TNT October op"]
[Site "Winnipeg CAN"]
[Date "2012.10.16"]
[Round "3"]
[White "Rutter, Blair"]
[Black "Wolchock, Theo"]
[Result "1/2-1/2"]
[WhiteElo "1838"]
[BlackElo "1688"]
[PlyCount "105"]
[GameId "2160767909445049"]
[EventDate "2012.10.02"]
[EventType "swiss"]
[EventRounds "5"]
[EventCountry "CAN"]
[SourceTitle "EXT 2022"]
[Source "ChessBase"]
[SourceDate "2021.10.06"]
[SourceVersion "1"]
[SourceVersionDate "2021.10.06"]
[SourceQuality "1"]

1. c4 c5 2. g3 g6 3. Bg2 Bg7 4. Nc3 Nc6 5. e4 e6 6. Nge2 Nge7 7. O-O O-O 8. d3 d6 9. Be3 a6 10. Qd2 Rb8 11. a4 Qc7 12. f4 f5 13. h3 e5 14. Kh2 Be6 15. Rad1 Rbd8 16. Nd5 Bxd5 17. exd5 Nb8 18. b4 b6 19. bxc5 bxc5 20. Rb1 Nd7 21. Rb3 Rb8 22. Rfb1 Rxb3 23. Rxb3 Rb8 24. Qc2 Bf6 25. Qb1 Rxb3 26. Qxb3 Qb6 27. Qxb6 Nxb6 28. fxe5 Bxe5 29. a5 Na4 30. d4 cxd4 31. Bxd4 Bxd4 32. Nxd4 Nc5 33. Bf3 Kf7 34. Bd1 Kf6 35. Kg2 Ke5 36. Nc6+ Nxc6 37. dxc6 Ne6 38. Bf3 Nc7 39. Bd5 h6 40. Kf3 g5 41. Ke3 Ne8 42. Kf3 Kd4 43. Be6 Ke5 44. Bf7 Nc7 45. Ke3 Na8 46. Bd5 Nc7 47. g4 f4+ 48. Kd3 Ne8 49. Bg2 Nc7 50. Bd5 Ne8 51. Kc3 Nc7 52. Bf3 Ne6 53. Bd5 1/2-1/2

[Event "Winnipeg TNT October op"]
[Site "Winnipeg CAN"]
[Date "2012.10.16"]
[Round "3"]
[White "Schulz, Waldemar"]
[Black "Towns, Barry"]
[Result "1-0"]
[WhiteElo "2009"]
[BlackElo "1694"]
[PlyCount "59"]
[GameId "2160767909445050"]
[EventDate "2012.10.02"]
[EventType "swiss"]
[EventRounds "5"]
[EventCountry "CAN"]
[SourceTitle "EXT 2022"]
[Source "ChessBase"]
[SourceDate "2021.10.06"]
[SourceVersion "1"]
[SourceVersionDate "2021.10.06"]
[SourceQuality "1"]

1. d4 b6 2. Nf3 Bb7 3. c4 e6 4. Nc3 Nf6 5. e3 Bb4 6. Bd2 O-O 7. Be2 c5 8. O-O cxd4 9. Nxd4 Bxc3 10. Bxc3 Ne4 11. Rc1 Qg5 12. Nf3 Qe7 13. Bd3 f5 14. Qe2 Nc6 15. Rfd1 Nxc3 16. Rxc3 Rf6 17. e4 Re8 18. e5 Rg6 19. Bb1 Nd4 20. Rxd4 h5 21. Rd6 Kf7 22. Qd1 Bc6 23. Rcd3 Kf8 24. R3d4 h4 25. Bxf5 Rxg2+ 26. Kxg2 Qg5+ 27. Bg4 Ke7 28. Rxc6 h3+ 29. Kf1 dxc6 30. Nxg5 1-0

[Event "Winnipeg TNT October op"]
[Site "Winnipeg CAN"]
[Date "2012.10.23"]
[Round "4"]
[White "Babb, Jeff"]
[Black "Moncal, Nilo"]
[Result "0-1"]
[WhiteElo "2209"]
[BlackElo "2105"]
[PlyCount "85"]
[GameId "2160767909445051"]
[EventDate "2012.10.02"]
[EventType "swiss"]
[EventRounds "5"]
[EventCountry "CAN"]
[SourceTitle "EXT 2022"]
[Source "ChessBase"]
[SourceDate "2021.10.06"]
[SourceVersion "1"]
[SourceVersionDate "2021.10.06"]
[SourceQuality "1"]

1. f4 d5 2. e3 c5 3. Nf3 Nc6 4. b3 Bf5 5. Bb5 Qb6 6. a4 a6 7. Bxc6+ Qxc6 8. O-O f6 9. d3 O-O-O 10. Qe2 e6 11. Nbd2 Bd6 12. Nh4 Ne7 13. Bb2 Bg6 14. e4 d4 15. Nc4 Bc7 16. f5 Bf7 17. g3 exf5 18. Nxf5 Nxf5 19. Rxf5 Be6 20. Rf2 h5 21. Bc1 Bg4 22. Qf1 h4 23. gxh4 Rxh4 24. Bf4 Rdh8 25. Qc1 Be6 26. Bxc7 Qxc7 27. Qd2 Kb8 28. Qa5 Qxa5 29. Nxa5 Kc7 30. Rg2 R8h7 31. Nc4 Rh3 32. Nd2 Kc6 33. Rg3 Rxh2 34. Rxg7 Rh1+ 35. Kg2 R7h2+ 36. Kg3 Rh3+ 37. Kg2 Rxa1 38. Re7 Kd6 39. Rxb7 Re3 40. Rb6+ Ke7 41. Nf3 Rc1 42. Rxa6 Rxc2+ 43. Kg3 0-1

[Event "Winnipeg TNT October op"]
[Site "Winnipeg CAN"]
[Date "2012.10.23"]
[Round "4"]
[White "Boron, Anthony"]
[Black "Kernetsky, Myron"]
[Result "0-1"]
[WhiteElo "2037"]
[BlackElo "2068"]
[PlyCount "60"]
[GameId "2160767909445052"]
[EventDate "2012.10.02"]
[EventType "swiss"]
[EventRounds "5"]
[EventCountry "CAN"]
[SourceTitle "EXT 2022"]
[Source "ChessBase"]
[SourceDate "2021.10.06"]
[SourceVersion "1"]
[SourceVersionDate "2021.10.06"]
[SourceQuality "1"]

1. e4 e6 2. d4 d5 3. exd5 exd5 4. c4 Nf6 5. Nc3 Be7 6. Nf3 c6 7. Bd3 dxc4 8. Bxc4 O-O 9. O-O Nbd7 10. Bf4 Nb6 11. Bb3 Bg4 12. Be5 Qd7 13. h3 Bf5 14. Re1 Rad8 15. Qe2 Rde8 16. Rad1 h6 17. Qd2 Nfd5 18. Ne4 Bb4 19. Nc3 Re7 20. a3 Ba5 21. g4 Bxg4 22. hxg4 Qxg4+ 23. Kh2 Qxf3 24. Bd6 Bxc3 25. bxc3 Qh5+ 26. Kg2 Qg6+ 27. Bg3 Rfe8 28. Bc2 Qg4 29. f3 Qg5 30. Rxe7 Rxe7 0-1

[Event "Winnipeg TNT October op"]
[Site "Winnipeg CAN"]
[Date "2012.10.23"]
[Round "4"]
[White "Cleto, Sam"]
[Black "Lauritson, Jim"]
[Result "1/2-1/2"]
[WhiteElo "1834"]
[BlackElo "2045"]
[PlyCount "50"]
[GameId "2160767909445053"]
[EventDate "2012.10.02"]
[EventType "swiss"]
[EventRounds "5"]
[EventCountry "CAN"]
[SourceTitle "EXT 2022"]
[Source "ChessBase"]
[SourceDate "2021.10.06"]
[SourceVersion "1"]
[SourceVersionDate "2021.10.06"]
[SourceQuality "1"]

1. Nf3 Nf6 2. c4 e6 3. Nc3 d5 4. d4 c6 5. Bg5 h6 6. Bh4 Be7 7. e3 Nbd7 8. Bd3 b6 9. Rc1 Bb7 10. cxd5 Nxd5 11. Bxe7 Qxe7 12. e4 Nf4 13. O-O Nxd3 14. Qxd3 O-O 15. Rfe1 e5 16. a3 Rfd8 17. Qc4 exd4 18. Nxd4 Ne5 19. Nf5 Qf6 20. Qb3 Nd3 21. Nd5 Rxd5 22. exd5 Qxf5 23. Qc2 Bc8 24. Re8+ Kh7 25. Rd1 Qg6 1/2-1/2

[Event "Winnipeg TNT October op"]
[Site "Winnipeg CAN"]
[Date "2012.10.23"]
[Round "4"]
[White "Dykman, Tony"]
[Black "Reimer, Bruce"]
[Result "0-1"]
[WhiteElo "1213"]
[BlackElo "1568"]
[PlyCount "78"]
[GameId "2160767909445055"]
[EventDate "2012.10.02"]
[EventType "swiss"]
[EventRounds "5"]
[EventCountry "CAN"]
[SourceTitle "EXT 2022"]
[Source "ChessBase"]
[SourceDate "2021.10.06"]
[SourceVersion "1"]
[SourceVersionDate "2021.10.06"]
[SourceQuality "1"]

1. e4 Nf6 2. d4 Nxe4 3. Be3 e6 4. Bd3 Nf6 5. Nf3 Be7 6. Nc3 b6 7. O-O Bb7 8. Re1 O-O 9. Ng5 h6 10. Nge4 d5 11. Nxf6+ Bxf6 12. Ne2 Nd7 13. Ng3 c5 14. c3 cxd4 15. cxd4 Rc8 16. Qd2 e5 17. Bxh6 gxh6 18. Qxh6 e4 19. Nxe4 Bg7 20. Qh5 Rc6 21. Ng3 Rh6 22. Qf3 Qh4 23. h3 Qf6 24. Nf5 Nb8 25. Nxh6+ Qxh6 26. Re3 Bxd4 27. Qg4+ Bg7 28. Re5 Bc8 29. Qxg7+ Qxg7 30. Re3 Qd4 31. Rg3+ Kh8 32. Rd1 Bf5 33. Be2 Qxb2 34. Bf3 d4 35. Rg5 Bg6 36. h4 Re8 37. g3 Qc3 38. Kf1 Qxf3 39. Rxd4 Qh1# 0-1

[Event "Winnipeg TNT October op"]
[Site "Winnipeg CAN"]
[Date "2012.10.23"]
[Round "4"]
[White "Leaden, Bruce"]
[Black "Sharma, Gautam"]
[Result "1-0"]
[WhiteElo "1567"]
[BlackElo "1358"]
[PlyCount "29"]
[GameId "2160767909445057"]
[EventDate "2012.10.02"]
[EventType "swiss"]
[EventRounds "5"]
[EventCountry "CAN"]
[SourceTitle "EXT 2022"]
[Source "ChessBase"]
[SourceDate "2021.10.06"]
[SourceVersion "1"]
[SourceVersionDate "2021.10.06"]
[SourceQuality "1"]

1. e4 e5 2. Nf3 Nc6 3. d4 exd4 4. Bc4 Bc5 5. c3 Qf6 6. Bg5 Qd6 7. O-O dxc3 8. Nxc3 Ne5 9. Nxe5 Qxe5 10. Bh4 d6 11. Bg3 Qd4 12. Qb3 Be6 13. Bxe6 fxe6 14. Qxe6+ Ne7 15. Nd5 1-0